|
|
|
|
| LEADER |
00000nam a22000007a 4500 |
| 005 |
20210322233217.0 |
| 007 |
cr|||| ||| |
| 008 |
210322c19639999us n|w s|||| 0|||b1eng d |
| 022 |
|
|
|a 1531-2445
|
| 035 |
|
|
|a 32863
|
| 040 |
|
|
|a vLex
|
| 090 |
|
|
|c 11359
|d 11359
|
| 245 |
0 |
0 |
|a Family Court Review
|h [Recurso electrn̤ico] /
|
| 256 |
|
|
|a Servicio en ln̕ea
|
| 260 |
|
|
|a Hoboken:
|b Wiley,
|c 1963 -
|
| 300 |
|
|
|a 1 recurso electrn̤ico
|
| 310 |
|
|
|a Irregular
|
| 362 |
|
|
|a Nð 1-1 (Mar. 1963) -
|
| 506 |
1 |
|
|a Disponible solo en los productos indicados
|d vLex Global
|d vLex Global (Academic Edition, excluding Law Schools)
|d vLex Global (Academic Edition, Law Schools)
|
| 650 |
0 |
4 |
|a Derecho Civil
|z Estados Unidos
|
| 650 |
0 |
4 |
|a Derecho Constitucional
|z Estados Unidos
|
| 740 |
0 |
|
|a vLex Revistas (Servicio en ln̕ea)
|
| 856 |
4 |
0 |
|u https://vlex.com/source/32863
|z Acceso restringido
|
| 942 |
|
|
|c REV
|
| 999 |
0 |
|
|a Civil Law
|
| 999 |
0 |
|
|a Constitutional Law
|